000 00363nam a2200145Ia 4500
008 090124s9999 xx 000 0 und d
082 _b304649
245 _a सागरभेद
250 _a1
260 _bकर्णिक हेमन
_c2002
300 _a175
630 _a सागरभेद
730 _a सागरभेद
942 _cBOOK
999 _c194578
_d194578